| 000 | 01989cam a2200277 a 4500 | ||
|---|---|---|---|
| 001 | 17607799 | ||
| 003 | OSt | ||
| 005 | 20240117123322.0 | ||
| 008 | 130130s2013 nyua b 001 0 eng | ||
| 010 | _a 2012046396 | ||
| 020 | _a9780823251803 (cloth : alk. paper) | ||
| 040 |
_aDLC _cDLC _dDLC |
||
| 050 | 0 | 0 |
_aJC359 _b.A55 2013 |
| 082 | 0 | 0 |
_a325.3 _bAGN/H |
| 100 | 1 |
_aAgnani, Sunil M. _99980 |
|
| 245 | 1 | 0 |
_aHating empire properly : _bIndia, the Indies, and Enlightenment Anticolonialism / _cSunil M. Agnani. |
| 260 |
_aNew York : _bFordham University Press, _c2013. |
||
| 300 |
_axxiii, 280 pages : _bill. ; _c24 cm |
||
| 504 | _aIncludes bibliographical references (p. [191]-265) and index. | ||
| 505 | 1 | _aPrologue: Enlightenment, colonialism, modernity -- Introduction: companies, colonies, and their critics -- Part I: Denis Diderot: the two Indies of the French Enlightenment -- 1. Doux commerce, douce colonisation: consensual colonialism in Diderot's thought -- 2. On the use and abuse of anger for life: ressentiment and revenge in the Histoire des deux Indes -- Part II: Edmund Burke: political analogy and Enlightenment critique -- 3. Between France and India in 1790: custom and arithmetic reason in a country of conquest -- 4. Jacobinism in India, Indianism in English Parliament: fearing the Enlightenment and colonial modernity with Edmund Burke -- 5. Atlantic revolutions and their Indian echoes: the place of America in Burke's Asia writings -- Reflections on the revolution in St. Domingue/Haiti -- Compensation in the East, or, From Virginia to Hindostan -- Epilogue. Hating empire properly: European anticolonialism at its limit. | |
| 650 | 0 |
_aImperialism _xHistory. |
|
| 650 | 0 |
_aImperialism _xPhilosophy. |
|
| 906 |
_a7 _bcbc _corignew _d1 _eecip _f20 _gy-gencatlg |
||
| 942 |
_2ddc _cBK _h325.3 _iAGN/H _k325.3 _mAGN/H |
||
| 999 |
_c43888 _d43888 |
||